Faktory zvyšovania konkurenčnej schopnosti podnikov Poznatky majú rozhodujúcu úlohu v riadení moderného podniku

Zmena ako hlavný atribút procesu vytvárania fungujúcej trhovej ekonomiky. Kvalita manažmentu a riadenie zmien. Rozhodnutia o smerovaní podniku. Finančné riziká. Faktory zvyšovania konkurencieschopnosti podniku.

Salvato in:
Dettagli Bibliografici
Autore principale: Chorváthová, Daniela
Natura: Capitolo di libro
Lingua:slovacco
Soggetti:
Tags: Aggiungi Tag
Nessun Tag, puoi essere il primo ad aggiungerne!!

MARC

LEADER 00000naa$a2200000$$$4500
001 0041032
005 20240502071509.9
041 0 |a slo 
044 |a SK 
245 1 0 |a Faktory zvyšovania konkurenčnej schopnosti podnikov  |b Poznatky majú rozhodujúcu úlohu v riadení moderného podniku  |c Daniela Chorváthová 
520 |a Zmena ako hlavný atribút procesu vytvárania fungujúcej trhovej ekonomiky. Kvalita manažmentu a riadenie zmien. Rozhodnutia o smerovaní podniku. Finančné riziká. Faktory zvyšovania konkurencieschopnosti podniku. 
610 2 0 |a konkurencieschopnosť 
610 2 0 |a podnik 
610 2 0 |a vedomosti 
610 2 0 |a riadenie zmien 
610 2 0 |a manažment 
610 2 0 |a riadenie podnikové 
610 2 0 |a riziko finančné 
610 2 0 |a prostredie ekonomické 
100 1 |a Chorváthová, Daniela